00863nam a22002537a 450000500170000001000110001702000220002803500110005003700160006104000120007708200110008910000250010024500750012526000320020027000350023230000200026765000290028765000260031665000260034265000460036894200200041499900190043495201560045320170124110057.0 a906826 a0224015834c00.00 a906826 bCen Lib/Ret aDPLbEN aNbALD aAldiss, Brian926735 aEnemies of the system :cby Brian Aldissba tale of homo uniformis / aLondonbJonathan Capec1978 aThirty Bedford Square bLondon a119p.c19cm(Hb) aScience fiction 926736 aSpace colonies926737 aModern Science926738 a Modern Science-Electronic Product926739 2ddccENhNmALD c129560d129560 04104070aLbLd2015-07-07eCen Lib/Retg0.00l0oN ALDp906826r2015-07-07 00:00:00t1v0.00w2015-07-07yENzW/d List No. 6859/12 ; dtd 04/08/2020